Music Quiz

Random Music or Kpop Quiz

GUESS THE KPOP GROUP AND MEMBERS (pt.1) Quiz Stats

 Plays Quiz not verified by Sporcle

Also try: Famous Trio Bands
Challenge
Share
Tweet
Score 0/99 Timer 20:00
0 Plays Today
% Correct
BTS
99.3%
Rap Monster
97.5%
Suga
96.7%
V
96.7%
Jin
96.5%
Jimin
96.3%
J-Hope
96.3%
Got7
95.8%
Jungkook
95.8%
Mark
93.5%
Big Bang
93.2%
JB
92.8%
Jackson
92.7%
BamBam
92.2%
G-Dragon
91.9%
T.O.P
91.9%
Taeyang
91%
f(x)
90.9%
Amber
90.4%
Seungri
89.4%
Daesung
89.2%
Youngjae
88.7%
SNSD
87.5%
Yugyeom
87.1%
JR
86.9%
Krystal
86.1%
VIXX
84.8%
SHINee
84.6%
Taeyeon
83.7%
Taemin
83%
Luna
82.5%
Red Velvet
82.4%
Victoria
82.3%
% Correct
Minho
82.2%
Key
82%
Onew
81.8%
Sunny
81.5%
AOA
80.3%
N
80.1%
Leo
79.5%
Monsta X
79.2%
Ravi
78.4%
Jonghyun
78.1%
Joy
78%
Wendy
77.3%
Irene
77.2%
iKON
77.2%
Ken
76.9%
Bobby
75.5%
Tiffany
75.2%
2pm
74.7%
Hyuk
74.5%
Hongbin
74.4%
Jimin
73.4%
B.I
73.2%
Seulgi
73%
Yeri
73%
Yoona
72.8%
Yuri
70%
WINNER
68.4%
Seohyun
67.8%
Shownu
67.8%
I.M
66.7%
Choa
66.1%
Hyoyeon
65.7%
Sooyoung
65.5%
% Correct
Minhyuk
65.4%
Taecyeon
65.3%
Jooheon
63.9%
Wonho
63.1%
Mino
61.7%
Taehyun
61.6%
Nichkhun
61.2%
Kihyun
60.6%
Jun.K
60.1%
Hyungwon
58.3%
Junhoe
56.8%
Wooyoung
55.3%
Jinhwan
54.6%
Junho
54.4%
Chanwoo
54.2%
Seolhyun
53.4%
Chansung
52.4%
Jinwoo
49.8%
Seungyoon
48.4%
Seunghoon
48%
Donghyuk
47.5%
Mina
45.6%
Chanmi
43%
Yunhyeong
42.4%
Yuna
40.2%
Hyejeong
36.3%
HISTORY
30%
Youkyoung
26.6%
Kyungil
20.9%
Yijeong
16.8%
Jaeho
16.4%
Dokyun
15.1%
Sihyoung
14.4%

You're not logged in!

Compare scores with friends on all Sporcle quizzes.
Join for Free
OR
Log In

You Might Also Like...

Show Comments

Extras

Created May 22, 2016ReportNominate
Tags:Kpop Quiz, Kpop Quiz

Top Quizzes Today


Score Distribution

Your Account Isn't Verified!

In order to create a playlist on Sporcle, you need to verify the email address you used during registration. Go to your Sporcle Settings to finish the process.

Report this User

Report this user for behavior that violates our Community Guidelines.

Details: